Кто есть кто во Второй Мировой войне: словарь; пер. с англ.
| Weitere Verfasser: | |
|---|---|
| Zusammenfassung: | Вторая мировая война была в полном смысле слова глобальным конфликтом, борьбой на каждом из пяти континентов. Среди действующих лиц, помимо солдат и государственных деятелей второстепенного плана, были три диктатора: Гитлер, Муссолини и Сталин; демагоги, как Геббельс, идеологи, подобные Альфреду Розенбергу; харизматические политики, как Рузвельт; лидеры национального сопротивления, типа Шарля де Голля, и национального освобождения, подобно Махатме Ганди. Книга «Кто есть Кто во второй мировой войне»: • содержит информацию о 300 наиболее важных действующих лицах среди огромного состава участников из каждой сферы деятельности; • представляет уникальный справочный источник неизвестных фактов жизни, карьеры и личности каждого персонажа; • представляет данные в алфавитном порядке. Джон Киган - военный редактор Daily Telegraph. Он - автор многих книг, включая серию «Лицо Битвы»: «Шесть армий в Нормандии», «Вторая мировая война» и «История войн», за которую он был награжден премией Duff Cooper в 1944. Он - член Королевского Исторического Общества и Королевского Литературного Общества и награжден Орденом Британской Империи с занесением в Список Воинской Доблести. |
| Sprache: | Russisch |
| Veröffentlicht: |
Лондон, Рутледж, 2000
|
| Schriftenreihe: | Кто есть кто |
| Schlagworte: | |
| Format: | MixedMaterials Buch |
| KOHA link: | https://koha.lib.tpu.ru/cgi-bin/koha/opac-detail.pl?biblionumber=25087 |
MARC
| LEADER | 00000nam0a2200000 4500 | ||
|---|---|---|---|
| 001 | 25087 | ||
| 005 | 20240923094654.0 | ||
| 010 | |a 5934310089 | ||
| 035 | |a (RuTPU)RU\TPU\book\25323 | ||
| 035 | |a BOOK00025398 | ||
| 090 | |a 25087 | ||
| 100 | |a 20011209d2000 km y0rusy50 ca | ||
| 101 | 1 | |a rus |c eng | |
| 102 | |a GB |a RU |a US | ||
| 105 | |a y e 000zd | ||
| 200 | 1 | |a Кто есть кто во Второй Мировой войне |e словарь |e пер. с англ. |f под ред. Дж. Кигана | |
| 210 | |a Лондон |c Рутледж |a Нью-Йорк |a Москва |c Дограф |d 2000 | ||
| 215 | |a 222 с. | ||
| 225 | 1 | |a Кто есть кто | |
| 330 | |a Вторая мировая война была в полном смысле слова глобальным конфликтом, борьбой на каждом из пяти континентов. Среди действующих лиц, помимо солдат и государственных деятелей второстепенного плана, были три диктатора: Гитлер, Муссолини и Сталин; демагоги, как Геббельс, идеологи, подобные Альфреду Розенбергу; харизматические политики, как Рузвельт; лидеры национального сопротивления, типа Шарля де Голля, и национального освобождения, подобно Махатме Ганди. Книга «Кто есть Кто во второй мировой войне»: • содержит информацию о 300 наиболее важных действующих лицах среди огромного состава участников из каждой сферы деятельности; • представляет уникальный справочный источник неизвестных фактов жизни, карьеры и личности каждого персонажа; • представляет данные в алфавитном порядке. Джон Киган - военный редактор Daily Telegraph. Он - автор многих книг, включая серию «Лицо Битвы»: «Шесть армий в Нормандии», «Вторая мировая война» и «История войн», за которую он был награжден премией Duff Cooper в 1944. Он - член Королевского Исторического Общества и Королевского Литературного Общества и награжден Орденом Британской Империи с занесением в Список Воинской Доблести. | ||
| 606 | |a Вторая мировая война 1939-1945 |x История |9 81314 | ||
| 610 | 1 | |a всемирная история | |
| 610 | 1 | |a 20 век | |
| 610 | 1 | |a персоналии | |
| 610 | 1 | |a словари | |
| 686 | |a Т3(0)62я2 |2 rubbk | ||
| 702 | 1 | |a Киган |b Дж. |g Джон |4 340 | |
| 801 | 0 | |a RU |b 63413507 |c 20011209 |g PSBO | |
| 801 | 2 | |a RU |b 63413507 |c 20140312 |g PSBO | |
| 942 | |c BK | ||